<?xml version="1.0" encoding="UTF-8"?>
<record
    xmlns:xsi="http://www.w3.org/2001/XMLSchema-instance"
    xsi:schemaLocation="http://www.loc.gov/MARC21/slim http://www.loc.gov/standards/marcxml/schema/MARC21slim.xsd"
    xmlns="http://www.loc.gov/MARC21/slim">

  <leader>01599nam a2200349 a 4500</leader>
  <controlfield tag="001">000017715</controlfield>
  <controlfield tag="003">DO-SdBPM</controlfield>
  <controlfield tag="005">20250821135729.0</controlfield>
  <controlfield tag="007">ta</controlfield>
  <controlfield tag="008">100330s1976    dr a     000 0 spa d</controlfield>
  <datafield tag="040" ind1=" " ind2=" ">
    <subfield code="a">DO-SdBPM</subfield>
    <subfield code="b">spa</subfield>
    <subfield code="c">BPMSU </subfield>
    <subfield code="d">rda</subfield>
  </datafield>
  <datafield tag="049" ind1=" " ind2=" ">
    <subfield code="a"> </subfield>
  </datafield>
  <datafield tag="082" ind1=" " ind2="4">
    <subfield code="a">923.27293</subfield>
    <subfield code="b">D812i 1976</subfield>
    <subfield code="2">22</subfield>
  </datafield>
  <datafield tag="245" ind1="0" ind2="0">
    <subfield code="a">Duarte y la independencia nacional /</subfield>
    <subfield code="c">Franklin Franco... [et al.].</subfield>
  </datafield>
  <datafield tag="264" ind1=" " ind2=" ">
    <subfield code="a">Santo Domingo :</subfield>
    <subfield code="b">Ediciones INTEC,</subfield>
    <subfield code="c">1976.</subfield>
  </datafield>
  <datafield tag="300" ind1=" " ind2=" ">
    <subfield code="a">170 p&#xE1;ginas ;</subfield>
    <subfield code="c">24 cm.</subfield>
    <subfield code="b"> </subfield>
  </datafield>
  <datafield tag="336" ind1=" " ind2=" ">
    <subfield code="a">texto</subfield>
    <subfield code="b">txt</subfield>
    <subfield code="2">rdacontent</subfield>
  </datafield>
  <datafield tag="337" ind1=" " ind2=" ">
    <subfield code="a">sin mediaci&#xF3;n</subfield>
    <subfield code="b">n</subfield>
    <subfield code="2">rdamedia</subfield>
  </datafield>
  <datafield tag="338" ind1=" " ind2=" ">
    <subfield code="a">volumen</subfield>
    <subfield code="b">nc</subfield>
    <subfield code="2">rdacarrier</subfield>
  </datafield>
  <datafield tag="504" ind1=" " ind2=" ">
    <subfield code="a">Incluye bibliograf&#xED;a y notas al pie de las p&#xE1;ginas.</subfield>
  </datafield>
  <datafield tag="504" ind1=" " ind2=" ">
    <subfield code="a">Bibliograf&#xED;a : p. 169-170.</subfield>
  </datafield>
  <datafield tag="505" ind1="0" ind2=" ">
    <subfield code="a">Introducci&#xF3;n --</subfield>
    <subfield code="t">La sociedad dominicana de los tiempos de la independencia /</subfield>
    <subfield code="r">Franklin Franco --</subfield>
    <subfield code="t">La sociedad haitiana de los tiempos de la independencia /</subfield>
    <subfield code="r">Roberto Cass&#xE1; --</subfield>
    <subfield code="t">Influencia de Juan Pablo Duarte /</subfield>
    <subfield code="r">Pedro Troncoso S&#xE1;nchez --</subfield>
    <subfield code="t">La Trinitaria : su fundaci&#xF3;n, desarrollo y acciones /</subfield>
    <subfield code="r">Jorge Tena Reyes --</subfield>
    <subfield code="t">La ideolog&#xED;a revolucionaria de Juan Pablo Duarte /</subfield>
    <subfield code="r">Juan Isidro Jim&#xE9;nes Grull&#xF3;n.</subfield>
  </datafield>
  <datafield tag="590" ind1=" " ind2=" ">
    <subfield code="a">Inventariado, 2025/VM</subfield>
  </datafield>
  <datafield tag="600" ind1="z" ind2=" ">
    <subfield code="a">Duarte y Diez, Juan Pablo, </subfield>
  </datafield>
  <datafield tag="600" ind1=" " ind2="7">
    <subfield code="a">Duarte, Juan Pablo,</subfield>
    <subfield code="d">1813-1876   </subfield>
  </datafield>
  <datafield tag="651" ind1=" " ind2="0">
    <subfield code="a">Rep&#xFA;blica Dominicana --</subfield>
    <subfield code="x">Historia --</subfield>
    <subfield code="y">1844-1930</subfield>
  </datafield>
  <datafield tag="651" ind1=" " ind2="4">
    <subfield code="a">Rep&#xFA;blica Dominicana</subfield>
    <subfield code="x">Historia</subfield>
    <subfield code="y">OCUPACI&#xD3;N HAITIANA, 1822-1844</subfield>
  </datafield>
  <datafield tag="651" ind1="z" ind2=" ">
    <subfield code="a">Dominican Republic --</subfield>
    <subfield code="x">History --</subfield>
    <subfield code="y">1844-1930</subfield>
  </datafield>
  <datafield tag="710" ind1="2" ind2=" ">
    <subfield code="a">Instituto Tecnol&#xF3;gico de Santo Domingo</subfield>
  </datafield>
  <datafield tag="910" ind1=" " ind2=" ">
    <subfield code="a">VMateo V. Control de calidad BPMSU </subfield>
  </datafield>
  <datafield tag="942" ind1=" " ind2=" ">
    <subfield code="2">ddc</subfield>
    <subfield code="c">BK</subfield>
  </datafield>
  <datafield tag="952" ind1=" " ind2=" ">
    <subfield code="0">0</subfield>
    <subfield code="1">0</subfield>
    <subfield code="2">ddc</subfield>
    <subfield code="7">0</subfield>
    <subfield code="8">CD</subfield>
    <subfield code="a">BPMET</subfield>
    <subfield code="b">BPMET</subfield>
    <subfield code="d">2025-08-21</subfield>
    <subfield code="e">INTEC</subfield>
    <subfield code="l">0</subfield>
    <subfield code="o">BPMSU CD 923.27293 D812i 1976</subfield>
    <subfield code="p">BPMSU25080064</subfield>
    <subfield code="r">2025-08-21</subfield>
    <subfield code="w">2025-08-21</subfield>
    <subfield code="y">BK</subfield>
  </datafield>
  <datafield tag="999" ind1=" " ind2=" ">
    <subfield code="c">15349</subfield>
    <subfield code="d">15349</subfield>
  </datafield>
</record>
